Wings of Fire: The Icewings - Statistics

General Stats
  • This quiz has been taken 311 times
  • The average score is 13 of 16
Answer Stats
Hint Answer % Correct
The prince who goes to Jade Mountain. Prince Winter
98%
Their brother who was captured by the SkyWings. Hailstorm
96%
The princess who goes to Jade Mountain. Princess Icicle
95%
Their ally during the war. Queen Blaze
94%
The tribe that they are rivals with. NightWings
93%
The queen during the war. Queen Glacier
93%
The queen during the Battle of Jade Mountain Queen Snowfall
92%
The animus prince who ran away with Foeslayer. Prince Arctic
89%
Their son, who became insane. Darkstalker
88%
The insane animus queen from many years ago. Queen Diamond
84%
The IceWing in the arena. Fjord
80%
The IcWing guardian who died with the SkyWing egg. Hvitur
74%
An IceWing duke. Narwhal
72%
This is Chameleon’s IceWing mask. Cirrus
68%
An IceWing duchess Tundra
63%
The IceWing/Seawing hybrid who warned Queen Thorn of the plague. Typhoon
63%
No matching quizzes found
Score Distribution
Percent of People with Each Score
Percentile by Number Answered
Your Score History
You have not taken this quiz